000 00459nmm a2200157Ia 4500
008 251105s9999||||xx |||||||||||||||||und||
020 _a9789562842778
041 _aspa
100 _aTori, Sofía
245 0 _aCuentos de mujeres sólo para hombres
264 _a[Santiago de Chile, Chile] :
_bRil editores,
_c2003
300 _a84 páginas
650 _aLatin American narrative
856 _uhttps://public.digitaliapublishing.com/a/18594
942 _cCF
999 _c94355
_d94355